[Event "AsianNationCup2018-OpenRapid"]
[Site "?"]
[Date "2018.07.27"]
[Round "3.16"]
[White "Makhnev, Denis"]
[Black "Mousavi, Seyed Khalil"]
[Result "0-1"]
[BlackElo "2358"]
[WhiteElo "2449"]
[LiveChessVersion "1.4.8"]

1. d4 {[%clk 0:15:18]} d5 {[%clk 0:15:18]} 2. Nf3 {[%clk 0:15:26]} Nf6
{[%clk 0:15:25]} 3. c4 {[%clk 0:15:33]} e6 {[%clk 0:15:31]} 4. Qc2
{[%clk 0:15:27]} a6 {[%clk 0:15:21]} 5. cxd5 {[%clk 0:15:03]} exd5
{[%clk 0:15:29]} 6. Bf4 {[%clk 0:15:11]} Bd6 {[%clk 0:15:16]} 7. Bxd6
{[%clk 0:15:10]} Qxd6 {[%clk 0:15:23]} 8. e3 {[%clk 0:15:18]} O-O
{[%clk 0:15:15]} 9. Bd3 {[%clk 0:15:25]} b6 {[%clk 0:15:15]} 10. O-O
{[%clk 0:15:25]} c5 {[%clk 0:14:54]} 11. dxc5 {[%clk 0:14:56]} bxc5
{[%clk 0:15:00]} 12. Nc3 {[%clk 0:15:04]} Nc6 {[%clk 0:14:31]} 13. Na4
{[%clk 0:15:01]} c4 {[%clk 0:14:24]} 14. Be2 {[%clk 0:15:07]} Bg4
{[%clk 0:13:32]} 15. h3 {[%clk 0:11:52]} Bxf3 {[%clk 0:12:13]} 16. Bxf3
{[%clk 0:12:01]} Ne5 {[%clk 0:12:16]} 17. Be2 {[%clk 0:12:01]} Ng6
{[%clk 0:11:53]} 18. Rad1 {[%clk 0:09:59]} Qe5 {[%clk 0:11:57]} 19. Rd4
{[%clk 0:10:07]} Ne7 {[%clk 0:11:35]} 20. b3 {[%clk 0:07:53]} cxb3
{[%clk 0:10:46]} 21. Qxb3 {[%clk 0:06:47]} Nf5 {[%clk 0:10:27]} 22. Rf4
{[%clk 0:06:55]} Ne4 {[%clk 0:08:02]} 23. Rd1 {[%clk 0:06:34]} Ne7
{[%clk 0:08:11]} 24. Bd3 {[%clk 0:04:36]} Ng6 25. Rf3 {[%clk 0:04:44]} Rab8
{[%clk 0:06:48]} 26. Qa3 {[%clk 0:04:43]} Nh4 {[%clk 0:05:13]} 27. Bxe4
{[%clk 0:04:35]} dxe4 {[%clk 0:05:13]} 28. Rf4 {[%clk 0:04:07]} Ng6
{[%clk 0:05:15]} 29. Rg4 {[%clk 0:04:16]} h5 {[%clk 0:05:08]} 30. Rg3
{[%clk 0:04:19]} Qa5 {[%clk 0:05:01]} 31. h4 {[%clk 0:02:01]} Rb4
{[%clk 0:04:40]} 32. Rd4 {[%clk 0:01:57]} Rb1+ {[%clk 0:03:47]} 33. Kh2
{[%clk 0:02:01]} Qe1 {[%clk 0:03:56]} 34. Rh3 {[%clk 0:01:29]} Qxf2
{[%clk 0:03:50]} 35. Rxe4 {[%clk 0:00:56]} Rg1 {[%clk 0:03:38]} 36. Rg3
{[%clk 0:00:53]} Qe1 {[%clk 0:03:41]} 0-1

[Event "AsianNationCup2018-OpenRapid"]
[Site "?"]
[Date "2018.07.27"]
[Round "4.1"]
[White "Jumabayev, Rinat"]
[Black "Ganguly, Surya Shekhar"]
[Result "1-0"]
[BlackElo "2619"]
[WhiteElo "2606"]
[LiveChessVersion "1.4.8"]

1. Nf3 {[%clk 0:15:19]} Nf6 {[%clk 0:15:12]} 2. c4 {[%clk 0:15:27]} e6
{[%clk 0:15:17]} 3. b3 {[%clk 0:15:32]} d5 {[%clk 0:15:00]} 4. Bb2
{[%clk 0:15:40]} Bd6 5. e3 {[%clk 0:15:03]} O-O {[%clk 0:14:46]} 6. Qc2
{[%clk 0:14:27]} b6 {[%clk 0:14:26]} 7. Nc3 {[%clk 0:12:58]} a6 {[%clk 0:14:08]}
8. g4 {[%clk 0:12:07]} Bb7 {[%clk 0:13:46]} 9. g5 {[%clk 0:12:07]} d4
{[%clk 0:12:36]} 10. gxf6 {[%clk 0:07:22]} Qxf6 {[%clk 0:12:42]} 11. Rg1
{[%clk 0:06:51]} Bxf3 {[%clk 0:10:48]} 12. Ne4 {[%clk 0:06:30]} Qh4
{[%clk 0:10:39]} 13. Ng5 {[%clk 0:05:18]} dxe3 {[%clk 0:08:38]} 14. dxe3
{[%clk 0:05:02]} Bg4 {[%clk 0:08:05]} 15. c5 {[%clk 0:04:11]} Bxc5
{[%clk 0:04:40]} 16. Rxg4 {[%clk 0:03:46]} Bb4+ {[%clk 0:04:49]} 17. Rxb4
{[%clk 0:03:55]} Qxb4+ {[%clk 0:04:57]} 18. Bc3 {[%clk 0:03:42]} Qh4
{[%clk 0:05:05]} 19. Nf3 {[%clk 0:03:34]} Qh5 {[%clk 0:04:24]} 20. Be2
{[%clk 0:03:37]} Rd8 {[%clk 0:04:28]} 21. Qe4 {[%clk 0:03:32]} Qc5
{[%clk 0:02:52]} 22. Rc1 {[%clk 0:03:12]} Qa3 {[%clk 0:02:52]} 23. Rd1
{[%clk 0:03:01]} Nd7 {[%clk 0:02:34]} 24. Qg4 {[%clk 0:01:56]} e5
{[%clk 0:02:30]} 25. Ng5 {[%clk 0:00:32]} Nf6 {[%clk 0:02:10]} 26. Qc4
{[%clk 0:00:39]} Qe7 {[%clk 0:02:06]} 27. Ne4 {[%clk 0:00:37]} c5
{[%clk 0:01:32]} 28. Nxf6+ {[%clk 0:00:32]} Qxf6 {[%clk 0:01:41]} 29. Qe4
{[%clk 0:00:34]} Rxd1+ {[%clk 0:01:47]} 30. Bxd1 {[%clk 0:00:42]} Re8
{[%clk 0:01:55]} 31. Bc2 {[%clk 0:00:45]} Qg6 {[%clk 0:01:52]} 32. Qxg6
{[%clk 0:00:42]} hxg6 {[%clk 0:02:00]} 33. a4 {[%clk 0:00:47]} e4
{[%clk 0:01:12]} 34. h4 {[%clk 0:00:39]} b5 {[%clk 0:00:49]} 35. Bd1
{[%clk 0:00:48]} f5 {[%clk 0:00:49]} 36. Be2 {[%clk 0:00:53]} Rb8
{[%clk 0:00:58]} 37. Be5 {[%clk 0:00:58]} Rb7 {[%clk 0:01:07]} 38. Kd2
{[%clk 0:01:05]} Kf7 {[%clk 0:01:15]} 39. Kc2 {[%clk 0:01:01]} Ke6
{[%clk 0:01:21]} 40. Bf4 {[%clk 0:01:08]} Kd5 {[%clk 0:01:25]} 41. Kc3
{[%clk 0:01:04]} Kc6 {[%clk 0:01:08]} 42. h5 {[%clk 0:00:48]} gxh5
{[%clk 0:01:12]} 43. Bxh5 {[%clk 0:00:57]} Kd5 {[%clk 0:01:11]} 44. Bg6
{[%clk 0:00:52]} Ke6 {[%clk 0:01:18]} 45. Be8 {[%clk 0:01:00]} Kd5
{[%clk 0:01:02]} 46. Bg5 {[%clk 0:00:40]} b4+ {[%clk 0:00:48]} 47. Kc2
{[%clk 0:00:49]} c4 {[%clk 0:00:57]} 48. Bg6 {[%clk 0:00:44]} Rc7
{[%clk 0:00:37]} 49. Bxf5 {[%clk 0:00:32]} cxb3+ 50. Kxb3 {[%clk 0:00:41]} a5
{[%clk 0:00:55]} 51. Bd8 {[%clk 0:00:32]} Rc3+ {[%clk 0:00:39]} 52. Kb2
{[%clk 0:00:42]} Ra3 {[%clk 0:00:18]} 53. Bd7 {[%clk 0:00:44]} Rd3
{[%clk 0:00:15]} 54. Bxa5 {[%clk 0:00:48]} Rd2+ {[%clk 0:00:24]} 55. Kb3
{[%clk 0:00:57]} Rxf2 {[%clk 0:00:33]} 56. Bb6 {[%clk 0:00:40]} Rf7
{[%clk 0:00:32]} 57. Bg4 {[%clk 0:00:46]} Kc6 {[%clk 0:00:23]} 58. Bd4
{[%clk 0:00:49]} g5 {[%clk 0:00:30]} 59. Kxb4 {[%clk 0:00:55]} Rf1
{[%clk 0:00:33]} 60. a5 {[%clk 0:00:43]} Rg1 {[%clk 0:00:41]} 61. Bf5
{[%clk 0:00:52]} Rb1+ {[%clk 0:00:34]} 62. Ka4 {[%clk 0:00:57]} Kd5
{[%clk 0:00:19]} 63. a6 {[%clk 0:01:05]} Rb8 {[%clk 0:00:22]} 64. a7
{[%clk 0:01:11]} Rg8 {[%clk 0:00:30]} 65. Kb5 {[%clk 0:01:15]} g4
{[%clk 0:00:15]} 66. Bxg4 {[%clk 0:01:10]} Rb8+ {[%clk 0:00:24]} 67. axb8=R
{[%clk 0:01:12]} 1-0

[Event "AsianNationCup2018-OpenRapid"]
[Site "?"]
[Date "2018.07.27"]
[Round "4.2"]
[White "Adhiban, B."]
[Black "Ismagambetov, Anuar"]
[Result "1/2-1/2"]
[BlackElo "2454"]
[WhiteElo "2673"]
[LiveChessVersion "1.4.8"]

1. d4 {[%clk 0:15:18]} Nf6 {[%clk 0:15:18]} 2. c4 {[%clk 0:15:26]} e6
{[%clk 0:15:22]} 3. Nf3 {[%clk 0:15:34]} c5 {[%clk 0:15:28]} 4. e3
{[%clk 0:14:23]} cxd4 {[%clk 0:14:59]} 5. exd4 {[%clk 0:14:32]} d5
{[%clk 0:15:02]} 6. Nc3 {[%clk 0:14:40]} Be7 {[%clk 0:14:46]} 7. cxd5
{[%clk 0:14:47]} Nxd5 {[%clk 0:14:27]} 8. Bd3 {[%clk 0:14:55]} O-O
{[%clk 0:13:32]} 9. O-O {[%clk 0:15:02]} Nc6 {[%clk 0:13:15]} 10. Re1
{[%clk 0:15:10]} Nxc3 {[%clk 0:12:01]} 11. bxc3 {[%clk 0:15:18]} b6
{[%clk 0:11:51]} 12. h4 {[%clk 0:12:55]} Bb7 {[%clk 0:10:55]} 13. Ng5
{[%clk 0:12:56]} h6 {[%clk 0:10:58]} 14. Qh5 {[%clk 0:12:54]} Na5
{[%clk 0:09:11]} 15. Ne4 {[%clk 0:03:46]} Qd5 {[%clk 0:08:02]} 16. Qg4
{[%clk 0:03:41]} Kh8 {[%clk 0:06:51]} 17. Bxh6 {[%clk 0:03:48]} gxh6
{[%clk 0:06:01]} 18. Qf4 {[%clk 0:03:57]} Qf5 {[%clk 0:05:22]} 19. Qxh6+
{[%clk 0:03:17]} Qh7 {[%clk 0:05:32]} 20. Qf4 {[%clk 0:02:51]} Rg8
{[%clk 0:04:37]} 21. Qe5+ {[%clk 0:01:44]} f6 {[%clk 0:03:19]} 22. Qxe6
{[%clk 0:01:52]} Rae8 {[%clk 0:03:08]} 23. Qh3 {[%clk 0:00:51]} f5
{[%clk 0:02:45]} 24. Ng3 {[%clk 0:00:24]} Qxh4 {[%clk 0:02:50]} 25. Qxh4+
{[%clk 0:00:32]} Bxh4 {[%clk 0:02:58]} 26. Rxe8 Rxe8 {[%clk 0:03:07]} 27. Nxf5
{[%clk 0:00:49]} Bf6 {[%clk 0:03:07]} 28. f3 {[%clk 0:00:40]} Bd5
{[%clk 0:03:09]} 29. Kf2 {[%clk 0:00:44]} Be6 {[%clk 0:02:22]} 30. Rh1+
{[%clk 0:00:27]} Kg8 {[%clk 0:02:31]} 31. Rh6 {[%clk 0:00:36]} Bxf5 32. Bxf5
{[%clk 0:00:45]} Bg7 {[%clk 0:02:35]} 33. Rd6 {[%clk 0:00:22]} Re7
{[%clk 0:02:34]} 34. Be6+ {[%clk 0:00:27]} Kh7 {[%clk 0:02:37]} 35. Bf5+
{[%clk 0:00:36]} Kg8 {[%clk 0:02:45]} 36. Be6+ {[%clk 0:00:45]} Kh7
{[%clk 0:02:43]} 37. Bf5+ {[%clk 0:00:34]} 1/2-1/2

[Event "AsianNationCup2018-OpenRapid"]
[Site "?"]
[Date "2018.07.27"]
[Round "4.3"]
[White "Kazhgaleyev, Murtas"]
[Black "Gupta, Abhijeet"]
[Result "1-0"]
[BlackElo "2562"]
[WhiteElo "2457"]
[LiveChessVersion "1.4.8"]

1. d4 {[%clk 0:15:17]} Nf6 {[%clk 0:15:19]} 2. c4 {[%clk 0:15:26]} g6
{[%clk 0:15:27]} 3. Nc3 {[%clk 0:15:32]} d5 {[%clk 0:15:29]} 4. cxd5
{[%clk 0:15:40]} Nxd5 {[%clk 0:15:37]} 5. e4 {[%clk 0:15:49]} Nxc3
{[%clk 0:15:46]} 6. bxc3 {[%clk 0:15:57]} Bg7 {[%clk 0:15:55]} 7. Qa4+
{[%clk 0:16:05]} Qd7 {[%clk 0:16:02]} 8. Bb5 {[%clk 0:16:08]} c6 {[%clk 0:16:11]}
9. Be2 {[%clk 0:16:16]} O-O {[%clk 0:16:18]} 10. Qa3 {[%clk 0:16:19]} b6
{[%clk 0:16:22]} 11. Nf3 {[%clk 0:16:27]} c5 {[%clk 0:16:25]} 12. d5
{[%clk 0:16:25]} e6 {[%clk 0:15:25]} 13. Be3 {[%clk 0:15:13]} exd5
{[%clk 0:14:12]} 14. Rd1 {[%clk 0:15:19]} Nc6 {[%clk 0:14:18]} 15. exd5
{[%clk 0:15:23]} Ne7 {[%clk 0:14:26]} 16. O-O {[%clk 0:14:42]} Bb7
{[%clk 0:14:22]} 17. c4 {[%clk 0:14:40]} Nf5 {[%clk 0:14:30]} 18. Bd3
{[%clk 0:12:53]} Rfe8 {[%clk 0:12:27]} 19. Bc1 {[%clk 0:12:33]} Nd4
{[%clk 0:11:04]} 20. Nxd4 {[%clk 0:12:26]} cxd4 {[%clk 0:11:12]} 21. Rfe1
{[%clk 0:10:25]} b5 {[%clk 0:08:54]} 22. cxb5 {[%clk 0:09:32]} Bxd5
{[%clk 0:08:17]} 23. h3 {[%clk 0:08:20]} Qb7 {[%clk 0:07:10]} 24. Bf1
{[%clk 0:08:17]} Be4 {[%clk 0:07:13]} 25. Bb2 {[%clk 0:07:16]} Rad8
{[%clk 0:07:12]} 26. Qb4 {[%clk 0:06:38]} Qd5 {[%clk 0:06:08]} 27. a4
{[%clk 0:06:23]} Bf8 {[%clk 0:03:34]} 28. Qxd4 {[%clk 0:06:08]} Qxd4
{[%clk 0:03:41]} 29. Rxd4 {[%clk 0:06:13]} Bc2 {[%clk 0:03:35]} 30. Rc1
{[%clk 0:05:44]} Bb3 {[%clk 0:03:05]} 31. a5 {[%clk 0:05:18]} Bg7
{[%clk 0:02:25]} 32. Rxd8 {[%clk 0:05:24]} Rxd8 {[%clk 0:02:35]} 33. Bxg7
{[%clk 0:05:22]} Kxg7 {[%clk 0:02:44]} 34. Rb1 {[%clk 0:03:51]} Bc2
{[%clk 0:02:52]} 35. Rb2 {[%clk 0:03:55]} Be4 {[%clk 0:02:57]} 36. f3
{[%clk 0:03:57]} Bb7 {[%clk 0:03:05]} 37. Kf2 {[%clk 0:03:59]} Kf6
{[%clk 0:03:12]} 38. b6 {[%clk 0:03:40]} a6 {[%clk 0:01:58]} 39. Rc2
{[%clk 0:03:47]} Rd7 {[%clk 0:02:03]} 40. Ke3 {[%clk 0:03:52]} Ke7
{[%clk 0:02:10]} 41. Bd3 {[%clk 0:03:49]} f5 {[%clk 0:02:18]} 42. Bc4
{[%clk 0:03:33]} Rd8 {[%clk 0:02:06]} 43. Bb3 {[%clk 0:03:32]} Bd5
{[%clk 0:01:12]} 44. Bxd5 {[%clk 0:02:56]} Rxd5 {[%clk 0:01:21]} 45. Rb2
{[%clk 0:03:05]} Rd8 {[%clk 0:01:29]} 46. g4 {[%clk 0:03:07]} fxg4
{[%clk 0:01:12]} 47. fxg4 {[%clk 0:03:14]} Ke6 {[%clk 0:00:56]} 48. Ke4
{[%clk 0:03:14]} Re8 {[%clk 0:00:54]} 49. b7 {[%clk 0:03:00]} Kd6+
{[%clk 0:01:01]} 50. Kd4 {[%clk 0:03:09]} Rb8 {[%clk 0:00:59]} 51. g5
{[%clk 0:03:14]} Kc7 {[%clk 0:01:07]} 52. Ke4 1-0

[Event "AsianNationCup2018-OpenRapid"]
[Site "?"]
[Date "2018.07.27"]
[Round "4.4"]
[White "Sethuraman, S.P."]
[Black "Kostenko, Petr"]
[Result "1-0"]
[BlackElo "2403"]
[WhiteElo "2586"]
[LiveChessVersion "1.4.8"]

1. e4 {[%clk 0:15:18]} e6 {[%clk 0:15:07]} 2. d4 {[%clk 0:15:26]} d5
{[%clk 0:15:16]} 3. Nc3 {[%clk 0:15:34]} Nf6 {[%clk 0:15:25]} 4. e5
{[%clk 0:15:43]} Nfd7 {[%clk 0:15:34]} 5. f4 {[%clk 0:15:52]} c5 {[%clk 0:15:43]}
6. Nf3 {[%clk 0:16:01]} Nc6 {[%clk 0:15:52]} 7. Be3 {[%clk 0:16:09]} a6
{[%clk 0:16:01]} 8. Qd2 {[%clk 0:16:16]} b5 {[%clk 0:16:10]} 9. Nd1
{[%clk 0:16:24]} Be7 {[%clk 0:16:09]} 10. c3 {[%clk 0:16:15]} b4 {[%clk 0:15:50]}
11. Bd3 {[%clk 0:16:16]} bxc3 {[%clk 0:15:36]} 12. bxc3 {[%clk 0:16:23]} Qa5
{[%clk 0:15:38]} 13. O-O {[%clk 0:16:09]} cxd4 {[%clk 0:14:55]} 14. Nxd4
{[%clk 0:16:17]} Nxd4 {[%clk 0:15:03]} 15. Bxd4 {[%clk 0:16:25]} Nc5
{[%clk 0:15:02]} 16. Bc2 {[%clk 0:16:00]} Bd7 {[%clk 0:14:10]} 17. Ne3
{[%clk 0:15:45]} Ba4 {[%clk 0:14:03]} 18. f5 {[%clk 0:14:36]} Bxc2
{[%clk 0:13:38]} 19. Qxc2 {[%clk 0:14:44]} Rc8 {[%clk 0:13:35]} 20. Qe2
{[%clk 0:13:05]} Bg5 {[%clk 0:11:52]} 21. Ng4 {[%clk 0:10:42]} exf5
{[%clk 0:10:41]} 22. Rxf5 {[%clk 0:10:29]} Ne6 {[%clk 0:10:50]} 23. Raf1
{[%clk 0:09:39]} O-O {[%clk 0:09:25]} 24. Qf3 {[%clk 0:09:32]} Rc7
{[%clk 0:08:01]} 25. h4 {[%clk 0:07:36]} Bd2 {[%clk 0:07:29]} 26. Rh5
{[%clk 0:06:21]} Bxc3 {[%clk 0:07:08]} 27. Be3 {[%clk 0:05:59]} Rfc8
{[%clk 0:04:59]} 28. Qf5 {[%clk 0:05:02]} Nf8 {[%clk 0:03:02]} 29. Rg5
{[%clk 0:04:53]} Kh8 {[%clk 0:02:44]} 30. Rxg7 {[%clk 0:04:39]} Ng6
{[%clk 0:01:21]} 31. Qf6 {[%clk 0:04:16]} Rc6 {[%clk 0:01:28]} 32. Qxf7
{[%clk 0:04:21]} 1-0

[Event "AsianNationCup2018-OpenRapid"]
[Site "?"]
[Date "2018.07.27"]
[Round "4.5"]
[White "Maghsoodloo, Parham"]
[Black "Lu, Shanglei"]
[Result "1-0"]
[BlackElo "2663"]
[WhiteElo "2393"]
[LiveChessVersion "1.4.8"]

1. Nf3 {[%clk 0:15:18]} Nf6 {[%clk 0:15:18]} 2. g3 {[%clk 0:15:26]} e6
{[%clk 0:14:55]} 3. Bg2 {[%clk 0:15:29]} d5 {[%clk 0:15:02]} 4. c4
{[%clk 0:15:37]} Be7 {[%clk 0:15:06]} 5. O-O {[%clk 0:15:44]} O-O
{[%clk 0:15:13]} 6. d4 {[%clk 0:15:52]} dxc4 {[%clk 0:15:22]} 7. Qc2
{[%clk 0:16:00]} c6 {[%clk 0:15:31]} 8. Qxc4 {[%clk 0:15:28]} b5 {[%clk 0:15:40]}
9. Qc2 {[%clk 0:15:33]} Bb7 {[%clk 0:15:48]} 10. Bg5 {[%clk 0:15:28]} Nbd7
{[%clk 0:15:34]} 11. Nbd2 {[%clk 0:15:17]} Rc8 {[%clk 0:14:53]} 12. Bxf6
{[%clk 0:14:50]} Bxf6 {[%clk 0:14:04]} 13. b4 {[%clk 0:14:34]} a5
{[%clk 0:11:36]} 14. a3 {[%clk 0:14:38]} Be7 {[%clk 0:11:26]} 15. Rab1
{[%clk 0:13:22]} Nb6 {[%clk 0:08:17]} 16. Ne4 {[%clk 0:13:24]} Nc4
{[%clk 0:08:21]} 17. Qc3 {[%clk 0:13:28]} Qc7 {[%clk 0:07:36]} 18. h4
{[%clk 0:12:46]} Ra8 {[%clk 0:07:13]} 19. Nc5 {[%clk 0:12:32]} axb4 20. axb4
{[%clk 0:12:41]} Ra2 {[%clk 0:06:56]} 21. Ra1 {[%clk 0:11:02]} Rfa8
{[%clk 0:06:06]} 22. Rxa2 {[%clk 0:11:02]} Rxa2 {[%clk 0:06:15]} 23. Ra1
{[%clk 0:11:10]} Rxa1+ {[%clk 0:05:59]} 24. Qxa1 {[%clk 0:11:19]} Bc8
{[%clk 0:06:07]} 25. Qa8 {[%clk 0:10:53]} Nb6 {[%clk 0:04:37]} 26. Qa5
{[%clk 0:11:01]} Bd6 {[%clk 0:04:26]} 27. Ne5 {[%clk 0:10:30]} Bxe5
{[%clk 0:04:34]} 28. dxe5 {[%clk 0:10:39]} Kf8 {[%clk 0:04:29]} 29. Ne4
{[%clk 0:09:20]} Bd7 {[%clk 0:02:59]} 30. Nd6 {[%clk 0:08:46]} c5
{[%clk 0:03:06]} 31. bxc5 {[%clk 0:06:27]} Qxc5 {[%clk 0:03:14]} 32. Kh2
{[%clk 0:06:36]} f5 {[%clk 0:02:02]} 33. f4 {[%clk 0:05:44]} Ke7 {[%clk 0:02:01]}
34. Nb7 {[%clk 0:05:53]} Qd4 {[%clk 0:01:48]} 35. Qa7 {[%clk 0:03:20]} g6
{[%clk 0:00:55]} 36. Nd6 {[%clk 0:03:23]} Qc5 {[%clk 0:01:00]} 37. Nb7
{[%clk 0:02:50]} Qc7 {[%clk 0:00:57]} 38. Qa3+ {[%clk 0:02:58]} Ke8
{[%clk 0:01:06]} 39. Nd6+ {[%clk 0:02:29]} Kd8 {[%clk 0:01:16]} 40. Qa5
{[%clk 0:02:38]} h6 {[%clk 0:00:21]} 41. Qb4 {[%clk 0:01:39]} Nc4
{[%clk 0:00:23]} 42. Nxb5 {[%clk 0:01:47]} Bxb5 {[%clk 0:00:32]} 43. Qxb5
{[%clk 0:01:56]} Ke7 {[%clk 0:00:39]} 44. Qb4+ {[%clk 0:02:04]} Kf7
{[%clk 0:00:48]} 45. Qc3 {[%clk 0:02:08]} Qc8 {[%clk 0:00:43]} 46. e4
{[%clk 0:02:15]} Nd6 {[%clk 0:00:48]} 47. Qxc8 {[%clk 0:01:42]} Nxc8
{[%clk 0:00:57]} 48. exf5 {[%clk 0:01:51]} exf5 {[%clk 0:00:52]} 49. Bd5+
{[%clk 0:01:43]} Kg7 {[%clk 0:00:42]} 50. h5 {[%clk 0:01:52]} gxh5
{[%clk 0:00:25]} 51. Be6 {[%clk 0:02:01]} Ne7 {[%clk 0:00:35]} 52. Kh3
{[%clk 0:02:11]} Kg6 {[%clk 0:00:43]} 53. Kh4 {[%clk 0:02:20]} Nc6
{[%clk 0:00:52]} 54. Bd7 {[%clk 0:02:29]} Nd4 {[%clk 0:00:56]} 55. Be8+
{[%clk 0:02:38]} Kg7 {[%clk 0:01:05]} 56. Bxh5 {[%clk 0:02:47]} Ne6
{[%clk 0:01:07]} 57. g4 {[%clk 0:02:06]} fxg4 {[%clk 0:00:41]} 58. Kxg4
{[%clk 0:02:13]} Kf8 {[%clk 0:00:31]} 59. f5 {[%clk 0:02:17]} Nc5
{[%clk 0:00:14]} 60. f6 {[%clk 0:02:26]} Nd7 {[%clk 0:00:11]} 61. Kf5
{[%clk 0:02:34]} 1-0

[Event "AsianNationCup2018-OpenRapid"]
[Site "?"]
[Date "2018.07.27"]
[Round "4.6"]
[White "Wen, Yang"]
[Black "Tabatabaei, M.Amin"]
[Result "1/2-1/2"]
[BlackElo "2306"]
[WhiteElo "2571"]
[LiveChessVersion "1.4.8"]

1. e4 {[%clk 0:15:17]} e5 {[%clk 0:15:20]} 2. Bc4 {[%clk 0:15:20]} Nf6
{[%clk 0:15:19]} 3. d3 {[%clk 0:15:30]} Nc6 {[%clk 0:15:28]} 4. Nf3
{[%clk 0:15:38]} h6 {[%clk 0:15:32]} 5. O-O {[%clk 0:15:33]} d6 {[%clk 0:15:41]}
6. c3 {[%clk 0:15:27]} g5 {[%clk 0:15:44]} 7. a4 {[%clk 0:13:46]} Bg7
{[%clk 0:15:43]} 8. Na3 {[%clk 0:13:55]} O-O {[%clk 0:15:12]} 9. Ba2
{[%clk 0:13:27]} d5 {[%clk 0:14:34]} 10. Qc2 {[%clk 0:13:23]} Bg4
{[%clk 0:14:16]} 11. Nd2 {[%clk 0:13:13]} Be2 {[%clk 0:13:37]} 12. Re1
{[%clk 0:13:22]} dxe4 {[%clk 0:13:46]} 13. dxe4 {[%clk 0:13:28]} Bd3
{[%clk 0:13:55]} 14. Qb3 {[%clk 0:13:10]} Qd7 {[%clk 0:12:38]} 15. Bb1
{[%clk 0:13:08]} Na5 {[%clk 0:11:23]} 16. Qd1 {[%clk 0:13:09]} Rad8
{[%clk 0:11:10]} 17. Bxd3 {[%clk 0:12:31]} Qxd3 {[%clk 0:11:18]} 18. Qc2
{[%clk 0:12:33]} c5 {[%clk 0:09:48]} 19. Qxd3 {[%clk 0:11:58]} Rxd3
{[%clk 0:09:56]} 20. Kf1 {[%clk 0:12:06]} Rfd8 {[%clk 0:09:24]} 21. Nac4
{[%clk 0:12:11]} Nc6 {[%clk 0:09:23]} 22. Nb3 {[%clk 0:11:40]} b6
{[%clk 0:08:40]} 23. f3 {[%clk 0:11:19]} Nh5 {[%clk 0:06:58]} 24. Be3
{[%clk 0:10:46]} Nf4 {[%clk 0:03:55]} 25. g3 {[%clk 0:10:51]} Ne6
{[%clk 0:04:04]} 26. Ke2 {[%clk 0:10:49]} Bf8 {[%clk 0:03:40]} 27. Red1
{[%clk 0:09:42]} Rxd1 {[%clk 0:03:31]} 28. Rxd1 {[%clk 0:09:51]} Rxd1
{[%clk 0:03:40]} 29. Kxd1 {[%clk 0:10:00]} Be7 {[%clk 0:03:31]} 30. Nc1
{[%clk 0:09:16]} f6 {[%clk 0:03:38]} 31. Ke2 {[%clk 0:08:16]} Kf7
{[%clk 0:03:40]} 32. Nb3 {[%clk 0:08:16]} h5 {[%clk 0:03:46]} 33. Bf2
{[%clk 0:08:20]} Nc7 {[%clk 0:02:46]} 34. Ne3 Ke6 35. Nd2 {[%clk 0:08:23]} Bf8
{[%clk 0:02:35]} 36. Ndc4 {[%clk 0:08:30]} Ne7 {[%clk 0:02:44]} 37. Kd3
{[%clk 0:08:12]} f5 {[%clk 0:02:31]} 38. exf5+ {[%clk 0:07:39]} Nxf5
{[%clk 0:02:40]} 39. Nxf5 {[%clk 0:07:02]} Kxf5 {[%clk 0:02:48]} 40. h3
{[%clk 0:07:11]} Nd5 {[%clk 0:01:22]} 41. Be3 {[%clk 0:06:00]} g4
{[%clk 0:00:25]} 42. hxg4+ {[%clk 0:06:17]} hxg4 {[%clk 0:00:34]} 43. fxg4+ Kxg4
{[%clk 0:00:43]} 44. Nxe5+ {[%clk 0:06:26]} Kxg3 {[%clk 0:00:50]} 45. Nc6
{[%clk 0:06:32]} a6 {[%clk 0:00:42]} 46. Nb8 {[%clk 0:06:40]} b5 {[%clk 0:00:24]}
47. Nxa6 {[%clk 0:05:55]} c4+ {[%clk 0:00:22]} 48. Ke4 {[%clk 0:05:05]} Nxe3
{[%clk 0:00:31]} 49. axb5 {[%clk 0:04:41]} Nd1 {[%clk 0:00:39]} 50. Kd5
{[%clk 0:04:04]} Nxb2 {[%clk 0:00:48]} 51. b6 {[%clk 0:04:13]} Bh6
{[%clk 0:00:57]} 52. Nc7 {[%clk 0:04:02]} Bf4 {[%clk 0:00:59]} 53. Kc6
{[%clk 0:04:11]} Nd3 {[%clk 0:01:06]} 54. b7 {[%clk 0:01:40]} Ne5+
{[%clk 0:01:15]} 55. Kb5 {[%clk 0:01:49]} Nd7 {[%clk 0:01:23]} 56. Na6
{[%clk 0:01:58]} Kf3 {[%clk 0:01:00]} 57. Kxc4 {[%clk 0:02:06]} Ke4
{[%clk 0:00:53]} 58. Kb5 {[%clk 0:01:23]} Nb8 {[%clk 0:01:01]} 59. Nb4
{[%clk 0:01:20]} Bd2 {[%clk 0:00:18]} 60. Nc6 {[%clk 0:00:29]} Nxc6
{[%clk 0:00:27]} 61. Kxc6 {[%clk 0:00:38]} Bf4 {[%clk 0:00:36]} 62. c4
{[%clk 0:00:45]} Kd4 {[%clk 0:00:34]} 63. Kb5 {[%clk 0:00:41]} Be5
{[%clk 0:00:29]} 64. c5 {[%clk 0:00:40]} Kd5 {[%clk 0:00:36]} 65. Kb6
{[%clk 0:00:49]} Bb8 {[%clk 0:00:45]} 66. c6 {[%clk 0:15:10]} Ke5
{[%clk 0:15:10]} 1/2-1/2

[Event "AsianNationCup2018-OpenRapid"]
[Site "?"]
[Date "2018.07.27"]
[Round "4.7"]
[White "Firouzja, Alireza"]
[Black "Zhou, Jianchao"]
[Result "1-0"]
[BlackElo "2584"]
[WhiteElo "2367"]
[LiveChessVersion "1.4.8"]

1. e4 {[%clk 0:15:16]} c5 {[%clk 0:15:19]} 2. Nf3 {[%clk 0:15:22]} d6
{[%clk 0:15:28]} 3. d4 {[%clk 0:15:28]} cxd4 4. Nxd4 {[%clk 0:15:36]} Nf6
{[%clk 0:15:46]} 5. Nc3 {[%clk 0:15:44]} a6 {[%clk 0:15:55]} 6. h3
{[%clk 0:15:53]} e5 {[%clk 0:15:20]} 7. Nb3 {[%clk 0:15:56]} Be6 {[%clk 0:15:02]}
8. f4 g6 {[%clk 0:14:36]} 9. Be2 {[%clk 0:16:10]} Qb6 {[%clk 0:14:06]} 10. Qd3
{[%clk 0:14:17]} Nc6 11. Be3 {[%clk 0:13:52]} Qc7 {[%clk 0:13:45]} 12. Qd2 Rd8
13. f5 {[%clk 0:08:41]} gxf5 {[%clk 0:06:13]} 14. exf5 {[%clk 0:08:44]} Bxb3
{[%clk 0:04:48]} 15. Bg5 {[%clk 0:08:49]} Be7 {[%clk 0:04:19]} 16. axb3
{[%clk 0:08:01]} d5 {[%clk 0:04:16]} 17. O-O {[%clk 0:05:42]} d4 {[%clk 0:03:10]}
18. Bxf6 {[%clk 0:05:40]} dxc3 {[%clk 0:03:17]} 19. Qg5 {[%clk 0:05:44]} cxb2
{[%clk 0:02:25]} 20. Rae1 {[%clk 0:03:50]} Nd4 {[%clk 0:01:07]} 21. Bxe7
{[%clk 0:01:59]} Qxe7 {[%clk 0:01:12]} 22. f6 {[%clk 0:01:32]} Qc5
{[%clk 0:00:54]} 23. Kh1 {[%clk 0:01:23]} Ne6 {[%clk 0:00:18]} 24. Qf5
{[%clk 0:01:22]} e4 {[%clk 0:00:13]} 25. Qxe4 {[%clk 0:01:25]} Qd5
{[%clk 0:00:19]} 26. Qg4 {[%clk 0:01:14]} h5 {[%clk 0:00:28]} 27. Qg7
{[%clk 0:00:57]} Nxg7 {[%clk 0:00:25]} 28. fxg7 {[%clk 0:01:02]} Kd7
{[%clk 0:00:11]} 29. gxh8=Q 1-0